On This Day: May 30th II Quiz Stats

 Plays Quiz Updated May 30, 2018

Score 0/7 Timer 03:00
0 Plays Today
Question Answer Wrong Answers
The National Memorial for this man, the 16th President of the United States, is dedicated in Washington, D.C.
1922
Abraham Lincoln
93.7%
Andrew Jackson
1.9%
Zachary Taylor
1%
Ulysses S. Grant
2.8%
This race is held for the first time, today billed as ‘The Greatest Spectacle in Racing’.
1911
Indianapolis 500
69.2%
Monaco Grand Prix
11.1%
24 Hours of Le Mans
12.5%
Daytona 500
7.2%
The Treaty of London is signed, ending this war, and setting the stage for Albania to become independent.
1913
First Balkan War
63.7%
World War I
8%
Russo-Turkish War
9.3%
Serbo-Bulgarian War
18.7%
After years of fascist rule dating back to the 1930s, this newly democratic nation joins NATO.
1982
Spain
52.3%
Italy
26.8%
Portugal
6.5%
Greece
12.8%
The 33-foot high ‘______’ statue is unveiled in Tiananmen Square by student demonstrators, inspiring numerous replicas and memorials since its destruction days later.
1989
Goddess of Democracy
45.4%
Motherland Calls
7.4%
Giant Buddha
29.1%
Angel of Independence
16.1%
The ______ Eastern Region declares independence as the Republic of Biafra, sparking a civil war.
1967
Nigerian
40.3%
Ethiopian
34.4%
South African
10.6%
Tanzanian
13.5%
Former Congolese Prime Minister, Évariste Kimba, and several other politicians are publicly executed in Kinshasa on the orders of this military dictator and President.
1966
Mobutu Sese Seko
35.3%
Muammar Gaddafi
16%
Robert Mugabe
41%
Jonas Savimbi
6.6%

You're not logged in!

Compare scores with friends on all Sporcle quizzes.
OR
Log In

Sporcle TV

Today on Sporcle TV


Watch our educational content, quiz creation guides, and fun videos on Sporcle TV.

Show Comments

Extras

Top Quizzes Today


Score Distribution

Your Account Isn't Verified!

In order to create a playlist on Sporcle, you need to verify the email address you used during registration. Go to your Sporcle Settings to finish the process.

Report this User

Report this user for behavior that violates our Community Guidelines.

Details: